| 000 | 00872nam a2200229 i 4500 | ||
|---|---|---|---|
| 001 | 185346 | ||
| 003 | SpMaBN | ||
| 005 | 20251103210616.0 | ||
| 008 | 160523s2015 sp |||| |dspa d | ||
| 020 | _a978-84-15484-93-6 | ||
| 080 | _a821.134.2 González Fuentes, Juan Antonio 1.07 | ||
| 245 | 0 | 4 |
_aUna epifanía escueta _b: poesía y poética de Juan Antonio González Fuentes / _cPhilippe Merlo Morat, Claudie Terrason (eds.). |
| 260 |
_aSantander : _bTantín, _c2015. |
||
| 300 |
_a263 p. ; _c21 cm. |
||
| 500 | _aÍndice. | ||
| 600 | 1 | 7 |
_aGonzález Fuentes, Juan Antonio, _d1964- _xCrítica e interpretación _2 _9159617 |
| 700 | 1 |
_aMerlo-Morat, Philippe, _d1976- _9159618 |
|
| 700 | 1 |
_aTerrason, Claudie, _d1953- _9159619 |
|
| 852 |
_aES-MaACL _jA-13777 _9192372 _bR.151070 _cDEPO1 _dOlim: N-6777 |
||
| 942 |
_2udc _cMONOGRAFIA |
||
| 999 |
_c185346 _d185346 |
||